logo

Bir Sreshtho Munshi Abdur Rouf Library
Jhenaidah Cadet College

না-মানুষী ‘বিশ্বকোষ’ / (Record no. 12487)

MARC details
000 -LEADER
fixed length control field 00934nam a2200241 a 4500
001 - CONTROL NUMBER
JCCL Control Number 12487
003 - CONTROL NUMBER IDENTIFIER
JCCL marc code BD-JhCC
005 - DATE AND TIME OF LATEST TRANSACTION
control field 20220305132401.0
008 - FIXED-LENGTH DATA ELEMENTS--GENERAL INFORMATION
fixed length control field 220305s19912019bg a|||| |||| 001 0 ben d
020 ## - INTERNATIONAL STANDARD BOOK NUMBER
International Standard Book Number 9788129519887
035 ## - SYSTEM CONTROL NUMBER
system control number (BD-JhCC)12487
040 ## - CATALOGING SOURCE
Original cataloging agency BD-JhCC
Modifying agency BD-JhCC
041 ## - LANGUAGE CODE
Language code of Book bengali
082 ## - DEWEY DECIMAL CLASSIFICATION NUMBER
Classification number 591.03
Author mark and Year SAN 2019
100 ## - MAIN ENTRY--PERSONAL NAME
Personal name সান্যাল, নারায়ণ
245 ## - TITLE STATEMENT
Title না-মানুষী ‘বিশ্বকোষ’ /
Statement of responsibility, etc নারায়ণ সান্যাল
260 ## - PUBLICATION, DISTRIBUTION, ETC. (IMPRINT)
Place of publication, distribution, etc কলকাতা :
Name of publisher, distributor, etc দে’জ পাবলিশিং,
Date of publication, distribution, etc ২০১৯
300 ## - PHYSICAL DESCRIPTION
Pagination ২৯৬ পৃ. :
Dimensions ২৫ পৃ. :
500 ## - GENERAL NOTE
General note দ্বিতীয় খন্ড : মেরুদন্ডী (মাছ-উভচর-সরীসৃপ-পাখি)
504 ## - BIBLIOGRAPHY, ETC. NOTE
Bibliography, etc নির্ঘন্ট অর্ন্তভূক্ত।
650 ## - SUBJECT ADDED ENTRY--TOPICAL TERM
Topical term or geographic name as entry element Animals
General subdivision Encyclopedia
942 ## - ADDED ENTRY ELEMENTS (KOHA)
Source of classification or shelving scheme Dewey Decimal Classification
Koha item type Books
Holdings
Source of classification or shelving scheme volume number Damaged status Not for loan Home library Current library Shelving location Date of accession Cost, normal purchase price Total Checkouts Full call number Barcode Date last seen Copy number Koha item type
Dewey Decimal Classification V-2     JCC Rouf Library JCC Rouf Library General Stacks 08/01/2021 400.00   591.03 SAN 2019 17087 03/05/2022 C-1 Books

JCC Library | Contacts | JCC Home

Last Update on 23 September 2017
Copyright @ 2017-2020 JCC Rouf Library
Rouf Library, Jhenidah Cadet College (JCC), Bangladesh